[Event "FIN-chT 2324"]
[Site "Finland"]
[Date "2024.01.14"]
[Round "9.8"]
[White "Mansner, Harry"]
[Black "Morant, Paul"]
[Result "1-0"]
[WhiteElo "2236"]
[BlackElo "1962"]
[PlyCount "91"]
[EventDate "2023.09.23"]
[EventType "team-tourn"]
[EventRounds "11"]
[EventCountry "FIN"]
[SourceTitle "EXT 2025"]
[Source "ChessBase"]
[SourceDate "2024.10.14"]
[SourceVersion "1"]
[SourceVersionDate "2024.10.14"]
[SourceQuality "1"]
[WhiteTeam "Helsinki HSC"]
[BlackTeam "Turku TuTS"]
[WhiteTeamCountry "FIN"]
[BlackTeamCountry "FIN"]

1. e4 e5 2. Nf3 Nc6 3. Bb5 a6 4. Ba4 Nf6 5. 0-0 b5 6. Bb3 Be7 7. Re1 0-0 8. c3 d6 9. h3 Na5 10. Bc2 c5 11. d4 Qc7 12. d5 h6 13. Nbd2 Bd7 14. Nf1 c4 15. Ng3 Nb7 16. Nh2 Nh7 17. Ng4 Bg5 18. Be3 a5 19. Qf3 Qc8 20. Nf5 Bxf5 21. exf5 Qd8 22. f6 Bxf6 23. Bxh6 Re8 24. Be3 g6 25. a4 b4 26. h4 Bg7 27. h5 Ng5 28. Bxg5 Qxg5 29. hxg6 fxg6 30. Qe4 Rf8 31. Qxg6 Qxg6 32. Bxg6 Rf4 33. Ne3 bxc3 34. bxc3 Raf8 35. Ra2 e4 36. Nxc4 Bxc3 37. Rxe4 R4f6 38. Rg4 Kh8 39. Ra3 Rxg6 40. Rxg6 Bg7 41. Rh3+ Kg8 42. Rhg3 Rf7 43. Nxd6 Nxd6 44. Rxd6 Rb7 45. Rdg6 Kf8 46. Rxg7 1-0

[Event "FIN-chT 2022"]
[Site "Finland"]
[Date "2022.03.12"]
[Round "5.5"]
[White "Morant, Paul"]
[Black "Paasikangas Tella, Johanna"]
[Result "1/2-1/2"]
[WhiteElo "2019"]
[BlackElo "2148"]
[PlyCount "94"]
[EventDate "2020.09.12"]
[EventType "team-tourn"]
[EventRounds "11"]
[EventCountry "FIN"]
[SourceTitle "EXT 2023"]
[Source "ChessBase"]
[SourceDate "2022.10.05"]
[SourceVersion "1"]
[SourceVersionDate "2022.10.05"]
[SourceQuality "1"]
[WhiteTeam "Turku TuTS"]
[BlackTeam "Vantaa EtVaS"]
[WhiteTeamCountry "FIN"]
[BlackTeamCountry "FIN"]

1. e4 c5 2. Nf3 d6 3. d4 cxd4 4. Nxd4 Nf6 5. Nc3 g6 6. Be2 Bg7 7. Be3 0-0 8. g4 Nc6 9. g5 Ne8 10. Qd2 Qa5 11. h4 Be6 12. f4 Qb4 13. 0-0-0 Nxd4 14. Bxd4 Bxd4 15. Qxd4 Qxd4 16. Rxd4 Rc8 17. h5 Rc5 18. Rdd1 f5 19. hxg6 hxg6 20. Rh6 Kf7 21. Rdh1 Ng7 22. Rh7 Rfc8 23. Bd3 a6 24. a3 b5 25. Kd2 Bc4 26. Ke3 Bxd3 27. cxd3 e6 28. R1h6 Re8 29. Kf3 Rc7 30. Nd1 Rc2 31. Rh2 Rxh2 32. Rxh2 Rc8 33. Ne3 Ke7 34. Rh6 Kf7 35. Rh2 a5 36. Rc2 Rc5 37. e5 Rxc2 38. Nxc2 dxe5 39. fxe5 Ne8 40. Nd4 Nc7 41. Nc6 a4 42. Nb4 Ke7 43. Ke3 Kd7 44. Kf4 Na8 45. Ke3 Nc7 46. Kd4 Ke7 47. Ke3 Kd7 1/2-1/2

[Event "EU-chT Seniors"]
[Site "Vienna"]
[Date "2015.07.17"]
[Round "6.16"]
[White "Morant, Paul"]
[Black "Beltz, Martina"]
[Result "1-0"]
[WhiteElo "2137"]
[BlackElo "2019"]
[PlyCount "51"]
[EventDate "2015.07.12"]
[EventType "team-swiss"]
[EventRounds "9"]
[EventCountry "AUT"]
[SourceTitle "EXT 2018"]
[Source "ChessBase"]
[SourceDate "2017.10.13"]
[SourceVersion "1"]
[SourceVersionDate "2017.10.13"]
[SourceQuality "1"]
[WhiteTeam "Finland"]
[BlackTeam "Germany (W)"]
[WhiteTeamCountry "FIN"]
[BlackTeamCountry "GER"]

1. e4 c5 2. Nf3 e6 3. d4 cxd4 4. Nxd4 a6 5. Bd3 b5 6. 0-0 Qc7 7. Kh1 Bb7 8. a4 Nf6 9. Qe2 e5 10. Nf3 b4 11. Bg5 Be7 12. Nbd2 0-0 13. Nh4 g6 14. f4 Nc6 15. Bh6 Nd4 16. Qe1 Rfc8 17. f5 Kh8 18. Bg5 Qd8 19. Nc4 Nxe4 20. Bxe4 Bxe4 21. Nxe5 Kg8 22. Nxf7 Qb6 23. Nh6+ Kg7 24. f6+ Bxf6 25. Bxf6+ Kxh6 26. Qd2+ 1-0

[Event "FIN-chT1A 1415"]
[Site "Finland"]
[Date "2014.11.16"]
[Round "4.2"]
[White "Morant, Paul"]
[Black "Nordlund, Jukka"]
[Result "0-1"]
[WhiteElo "2150"]
[BlackElo "2116"]
[PlyCount "92"]
[EventDate "2014.09.27"]
[EventType "team-tourn"]
[EventRounds "7"]
[EventCountry "FIN"]
[SourceTitle "EXT 2017"]
[Source "ChessBase"]
[SourceDate "2016.10.25"]
[SourceVersion "1"]
[SourceVersionDate "2016.10.25"]
[SourceQuality "1"]
[WhiteTeam "Turku TuTS II"]
[BlackTeam "Pori PSY"]
[WhiteTeamCountry "FIN"]
[BlackTeamCountry "FIN"]

1. e4 g6 2. Nc3 Bg7 3. Nf3 c5 4. Bc4 Nc6 5. 0-0 e6 6. d3 Nge7 7. Re1 0-0 8. e5 d5 9. exd6 Qxd6 10. Ne4 Qc7 11. c3 Na5 12. Bb5 Nd5 13. Ba4 b6 14. d4 Ba6 15. Ng3 Rac8 16. Bd2 b5 17. Bb3 Nc4 18. Bxc4 bxc4 19. Re4 Rb8 20. Rb1 Qb6 21. Ne2 Bb7 22. Ne5 Qc7 23. Qc1 Ne7 24. Rh4 Bxe5 25. dxe5 Qxe5 26. Qf1 Qd5 27. Be3 Nf5 28. Rd1 Nxh4 29. Rxd5 Bxd5 30. Bxc5 Rfc8 31. Be7 Nf5 32. Ba3 Rd8 33. Nd4 Nxd4 34. cxd4 c3 35. b3 c2 36. f3 e5 37. Qd3 Rbc8 38. Bc1 Be6 39. g4 Rxd4 40. Qe3 Rd1+ 41. Kg2 Rcd8 42. Qg5 R8d5 43. Qh6 Ra5 44. a4 Rxc1 45. Qxc1 Bxb3 46. Qa3 Bxa4 0-1

[Event "FIN-chT1A 1415"]
[Site "Finland"]
[Date "2014.09.27"]
[Round "1.3"]
[White "Ristoja, Samu"]
[Black "Morant, Paul"]
[Result "1/2-1/2"]
[WhiteElo "2080"]
[BlackElo "2150"]
[PlyCount "53"]
[EventDate "2014.09.27"]
[EventType "team-tourn"]
[EventRounds "7"]
[EventCountry "FIN"]
[SourceTitle "EXT 2017"]
[Source "ChessBase"]
[SourceDate "2016.10.25"]
[SourceVersion "1"]
[SourceVersionDate "2016.10.25"]
[SourceQuality "1"]
[WhiteTeam "Helsinki Garde"]
[BlackTeam "Turku TuTS II"]
[WhiteTeamCountry "FIN"]
[BlackTeamCountry "FIN"]

1. e4 e6 2. d3 d5 3. Nd2 Nf6 4. g3 dxe4 5. dxe4 e5 6. Ngf3 Bc5 7. Qe2 Ng4 8. Qb5+ Nd7 9. h3 c6 10. Qb3 Ngf6 11. Bc4 Qe7 12. 0-0 Nb6 13. Kh2 Nxc4 14. Qxc4 0-0 15. Nb3 Bb6 16. Bg5 h6 17. Bxf6 Qxf6 18. Qc3 Qe6 19. g4 Re8 20. Nh4 Qf6 21. Qg3 Kh7 22. Rad1 Be6 23. Rd3 Qf4 24. Nd2 Rad8 25. Qxf4 exf4 26. Rxd8 Rxd8 27. Nhf3 1/2-1/2

[Event "EU-chT Seniors"]
[Site "Sibenik"]
[Date "2014.04.05"]
[Round "5.6"]
[White "Morant, Paul"]
[Black "Muratoglu, Salih"]
[Result "1-0"]
[WhiteElo "2149"]
[BlackElo "2020"]
[PlyCount "87"]
[EventDate "2014.04.01"]
[EventType "team-swiss"]
[EventRounds "9"]
[EventCountry "CRO"]
[SourceTitle "CBM 159 Extra"]
[Source "ChessBase"]
[SourceDate "2014.04.24"]
[SourceVersion "1"]
[SourceVersionDate "2014.04.24"]
[SourceQuality "1"]
[WhiteTeam "Finland Seniors"]
[BlackTeam "Turkey Seniors"]
[WhiteTeamCountry "FIN"]
[BlackTeamCountry "TUR"]

1. e4 c6 2. d4 d5 3. Nd2 dxe4 4. Nxe4 Bf5 5. Ng3 Bg6 6. h4 h6 7. N1e2 Nf6 8. Nf4 Bh7 9. c3 e6 10. Bd3 Bxd3 11. Qxd3 Bd6 12. Be3 Nbd7 13. 0-0-0 Qc7 14. Nfe2 0-0-0 15. Kb1 Ng4 16. Ne4 Be7 17. Bf4 Qb6 18. f3 Nde5 19. Qc2 Nc4 20. Qb3 Nge3 21. Rd3 f5 22. Nf2 Qxb3 23. axb3 Nxg2 24. bxc4 Nxh4 25. Be5 Rhg8 26. Nf4 Kd7 27. Nh5 g5 28. Nf6+ Bxf6 29. Bxf6 Rdf8 30. Be5 f4 31. c5 Rg6 32. Bd6 Rf7 33. Ng4 Rf5 34. Ne5+ Rxe5 35. dxe5 Kc8 36. Be7 b6 37. cxb6 axb6 38. c4 Nf5 39. Rd8+ Kc7 40. Rhd1 c5 41. R1d7+ Kc6 42. Bd6 Rg7 43. Rxg7 Nxg7 44. Rc8+ 1-0

[Event "FIN-chT 1314"]
[Site "Finland"]
[Date "2013.11.03"]
[Round "6.8"]
[White "Morant, Paul"]
[Black "Von Wright, Aarne"]
[Result "0-1"]
[WhiteElo "2170"]
[BlackElo "2105"]
[PlyCount "80"]
[EventDate "2013.09.21"]
[EventType "team-tourn"]
[EventRounds "11"]
[EventCountry "FIN"]
[SourceTitle "EXT 2014"]
[Source "ChessBase"]
[SourceDate "2013.11.20"]
[SourceVersion "1"]
[SourceVersionDate "2013.11.20"]
[SourceQuality "1"]
[WhiteTeam "Turku TuTS"]
[BlackTeam "Jyvaskyla JyS"]
[WhiteTeamCountry "FIN"]
[BlackTeamCountry "FIN"]

1. e4 Nf6 2. Nc3 d5 3. e5 Ne4 4. Nf3 Nxc3 5. dxc3 Bg4 6. c4 e6 7. Bf4 c6 8. h3 Bh5 9. cxd5 cxd5 10. Bd3 Nc6 11. 0-0 Be7 12. c3 Qb6 13. b4 Rc8 14. Rc1 a6 15. Re1 h6 16. a4 0-0 17. b5 axb5 18. axb5 Na5 19. Be3 Bc5 20. g4 Bg6 21. Bxg6 fxg6 22. Bxc5 Qxc5 23. Nd4 Qe7 24. Qd3 Kh7 25. Kg2 Rf4 26. Re2 Rcf8 27. Rh1 Nc4 28. f3 Qf7 29. h4 Kg8 30. h5 gxh5 31. Rxh5 Nb6 32. Kg3 Nd7 33. Nf5 Nc5 34. Qe3 Rxf5 35. Rxf5 exf5 36. Qxc5 fxg4 37. Qe3 gxf3 38. Re1 Qg6+ 39. Kh2 Qg4 40. e6 Rf5 0-1

[Event "EU-chT Seniors 15th"]
[Site "Dresden"]
[Date "2013.07.27"]
[Round "8"]
[White "Morant, Paul"]
[Black "Rychlik, Kurt"]
[Result "1/2-1/2"]
[WhiteElo "2166"]
[BlackElo "2098"]
[PlyCount "141"]
[EventDate "2013.07.20"]
[EventType "team-swiss"]
[EventRounds "9"]
[EventCountry "GER"]
[SourceTitle "CBM 155 Extra"]
[Source "ChessBase"]
[SourceDate "2013.08.26"]
[SourceVersion "1"]
[SourceVersionDate "2013.08.26"]
[SourceQuality "1"]
[WhiteTeam "Finland"]
[BlackTeam "Widukind"]
[WhiteTeamCountry "FIN"]
[BlackTeamCountry "GER"]

1. e4 g6 2. Nf3 Bg7 3. Nc3 d6 4. h3 a6 5. Bc4 e6 6. d4 Ne7 7. Bg5 b5 8. Be2 Nd7 9. 0-0 Bb7 10. a3 c5 11. d5 e5 12. b3 h6 13. Bxe7 Qxe7 14. Nd2 0-0 15. Bf3 f5 16. Ne2 Qh4 17. Ng3 f4 18. Ne2 Nf6 19. Kh2 Bc8 20. Ng1 Nh7 21. Bg4 h5 22. Be2 Qe7 23. c4 Nf6 24. Ngf3 Rb8 25. Qc2 Bh6 26. b4 cxb4 27. axb4 bxc4 28. Rfb1 g5 29. Nxc4 Kh7 30. Na5 Qg7 31. Ra3 g4 32. Nd2 Rg8 33. h4 g3+ 34. fxg3 fxg3+ 35. Kh1 Ng4 36. Nf1 Qe7 37. Nc6 Qxh4+ 38. Kg1 Rb7 39. Rxg3 Rf7 40. Bxg4 Rxf1+ 41. Kxf1 Qxg3 42. Bf5+ Bxf5 43. exf5 Qf4+ 44. Qf2 Rg4 45. Qxf4 Rxf4+ 46. Ke2 Rxf5 47. Ra1 e4 48. Rxa6 Rxd5 49. Ra7+ Kh8 50. Ra5 Rd2+ 51. Ke1 Rxg2 52. Rxh5 Kg7 53. Rd5 Bf4 54. Nd4 Be5 55. Ne2 Kf6 56. b5 Ke6 57. Rd2 Rh2 58. Nd4+ Kd7 59. Rxh2 Bxh2 60. Ne2 d5 61. Kd2 Be5 62. Ke3 Kc7 63. Ng1 Kb6 64. Nh3 Kxb5 65. Nf2 Kc4 66. Nxe4 d4+ 67. Ke2 Bc7 68. Nd2+ Kc3 69. Nb1+ Kc4 70. Na3+ Kc3 71. Nb5+ 1/2-1/2

[Event "FIN-chT1 West 1213"]
[Site "Finland"]
[Date "2012.09.29"]
[Round "1.7"]
[White "Puuska, Heini"]
[Black "Morant, Paul"]
[Result "1-0"]
[WhiteElo "1995"]
[BlackElo "2175"]
[PlyCount "69"]
[EventDate "2012.09.29"]
[EventType "team-tourn"]
[EventRounds "7"]
[EventCountry "FIN"]
[SourceTitle "EXT 2019"]
[Source "ChessBase"]
[SourceDate "2018.10.10"]
[SourceVersion "1"]
[SourceVersionDate "2018.10.10"]
[SourceQuality "1"]
[WhiteTeam "Helsinki HSK II"]
[BlackTeam "Turku TuTS"]
[WhiteTeamCountry "FIN"]
[BlackTeamCountry "FIN"]

1. d4 Nf6 2. Bg5 b6 3. Bxf6 gxf6 4. e4 Bb7 5. Nd2 Bh6 6. Ngf3 Rg8 7. c3 e6 8. Qc2 Qe7 9. 0-0-0 Nc6 10. d5 Ne5 11. Nxe5 fxe5 12. dxe6 Qxe6 13. Kb1 Qc6 14. Bc4 Qc5 15. Qd3 0-0-0 16. Bxf7 Rxg2 17. Qh3 Rxf2 18. Qxh6 Rxf7 19. Rhf1 Rdf8 20. Rxf7 Rxf7 21. Qh5 Re7 22. Rf1 Ba6 23. Rf8+ Kb7 24. Qf3 Qg1+ 25. Kc2 Qg7 26. b4 Be2 27. Qf2 Bh5 28. Rd8 Rf7 29. Qh4 Rf4 30. Qxh5 Rf2 31. Qe8 Qg2 32. Qxd7 Qxe4+ 33. Kb3 Qh1 34. Qc8+ Kc6 35. Qa8+ 1-0